Normal view MARC view

Entry Personal Name

Number of records used in: 1

001 - CONTROL NUMBER

  • control field: 3793

003 - CONTROL NUMBER IDENTIFIER

  • control field: OSt

005 - DATE AND TIME OF LATEST TRANSACTION

  • control field: 20190327103351.0

008 - FIXED-LENGTH DATA ELEMENTS

  • fixed length control field: 190327|| aca||aabn | a|a d

040 ## - CATALOGING SOURCE

  • Original cataloging agency: OSt
  • Transcribing agency: OSt

100 ## - HEADING--PERSONAL NAME

  • Personal name: Maharashtra. Rural Development Department

670 ## - SOURCE DATA FOUND

  • Source citation: Work cat.: (OSt): Maharashtra. Rural Development Department, Performance budget, 1981-82, 1982

Powered by Koha